banner-ar

TELLIC ARCHAEOLOGY : (Record no. 8416)

MARC details
000 -الفاتح
حقل البيانات ثابتة الطول 00808nam a2200217Ia 4500
008 - عناصر البيانات ثابتة الطول - معلومات عامة
حقل البيانات ثابتة الطول 140319s9999 xx 000 0 eng d
020 ## - الرقم الدولى المعيارى للكتب
الرقم الدولى المعيارى للكتاب 0870494805
040 ## - مصدر الفهرسة
وكالة الفهرسة الأصلية GCL /
وكالة النسخ GCL
082 04 - رقم تصنيف ديوى العشرى
رقم التصنيف 976.8863
رقم المادة C T
100 1# - المدخل الرئيسى - إسم شخصى
الإسم الشخصى CHAPMAN, JEFFERSON
245 10 - بيان العنوان
العنوان TELLIC ARCHAEOLOGY :
بقية العنوان 12,000 YEARS OF NATIVE AMERICAN HISTORY /
بيان المسئوليه,etc CHAPMAN, JEFFERSON
260 ## - PUBLICATION, DISTRIBUTION, ETC. (IMPRINT)
تاريخ النشر أو التوزيع 1987
300 ## - الوصف المادى
التعداد XI,163 P
تفاصيل ماديه اخرى للوعاء ILL. ؛
أبعاد الوعاء 27 cm.
650 04 - المدخل الاضافى بالموضوع-مصطلح موضوعى
مصطلح موضوعي INDIANS OF NORTH AMERICA - TENNESSEE - TELLICO LAKE REGION - ANTIQUITI
650 04 - المدخل الاضافى بالموضوع-مصطلح موضوعى
مصطلح موضوعي TELLICO ARCHAEOLOGICAL PROJECT TENNESSEE
650 04 - المدخل الاضافى بالموضوع-مصطلح موضوعى
مصطلح موضوعي EXCAVATIONS ( ARCHAEOLOGY ) - TENNESSEE - TELLICO LAKE REGION
650 04 - المدخل الاضافى بالموضوع-مصطلح موضوعى
مصطلح موضوعي TELLICO LAKE REGION ( TENESSEE ) - ANTIQUITIES
650 04 - المدخل الاضافى بالموضوع-مصطلح موضوعى
مصطلح موضوعي TENNESSEE - ANTIQUITIES
942 ## - عناصر المدخل الإضافي( كوها)
مصدر التصنيف او مخطط الترفيف Dewey Decimal Classification
Koha [default] item type كتاب
260 ## - PUBLICATION, DISTRIBUTION, ETC. (IMPRINT)
-- نيويورك :
-- TENNESSEE VALLEY AUTHORITY ،
Holdings
حالة التراجع حالة الفقد حالة تلف ليس للاعارة المكان المؤقت الموقع الحالى تاريخ الاكتساب اجمالي اﻻعارات رقم الطلب الباركود تاريخ اخر مشاهدة تاريخ تفعيل السعر نوع وعاء كوها
        مكتبة القاهرة الكبرى مكتبة القاهرة الكبرى 03/26/2014   976.8863\C T 17577 03/26/2014 03/26/2014 كتاب
        مكتبة القاهرة الكبرى مكتبة القاهرة الكبرى 03/26/2014   976.8863\C T 17578 03/26/2014 03/26/2014 كتاب
        مكتبة القاهرة الكبرى مكتبة القاهرة الكبرى 03/26/2014   976.8863\C T 17579 03/26/2014 03/26/2014 كتاب
        مكتبة القاهرة الكبرى مكتبة القاهرة الكبرى 03/26/2014   976.8863\C T 17580 03/26/2014 03/26/2014 كتاب

Powered By

EGPV